Multi Vehicle Routing Problem Depending on Vehicle Load

Plánovanie dopravy s dôrazom na efektivitu a environmentálny aspekt. Problémy v oblasti logistiky dopravy. Problém so smerovaním viacerých vozidiel v závislosti od zaťaženia vozidla (MVRPVL).

Gespeichert in:
Bibliographische Detailangaben
1. Verfasser: Pekár, Juraj, 1972-
Weitere Verfasser: Čičková, Zuzana, 1978-, Brezina, Ivan, 1963-
Format: Buchkapitel
Sprache:Englisch
Schlagworte:
Tags: Tag hinzufügen
Keine Tags, Fügen Sie das erste Tag hinzu!

MARC

LEADER 00000naa$a2200000$$$4500
001 0279172
005 20240502083847.6
041 0 |a eng 
044 |a CZ 
245 1 0 |a Multi Vehicle Routing Problem Depending on Vehicle Load  |c Juraj Pekár, Zuzana Čičková, Ivan Brezina 
520 |a Plánovanie dopravy s dôrazom na efektivitu a environmentálny aspekt. Problémy v oblasti logistiky dopravy. Problém so smerovaním viacerých vozidiel v závislosti od zaťaženia vozidla (MVRPVL). 
610 2 0 |a doprava 
610 2 0 |a logistika 
610 2 0 |a vozidlá motorové 
610 2 0 |a modelovanie matematické 
610 2 0 |a environmentalistika 
610 2 0 |a Slovensko 
100 1 |a Pekár, Juraj, 1972- 
700 1 |a Čičková, Zuzana, 1978- 
700 1 |a Brezina, Ivan, 1963-